Statistics for Men with Mustaches - Picture Quiz

Click here to take the quiz!

General Stats

  • This quiz has been taken 51 times
  • The average score is 14 of 18

Answer Stats

Answer% Correct
Adolf Hitler
100%
Albert Einstein
100%
Charlie Chaplin
98%
Martin Luther King Jr
98%
Joseph Stalin
91%
Salvador Dali
83%
Theodore Roosevelt
83%
Groucho Marx
79%
Mark Twain
79%
Sean Connery
77%
Nikola Tesla
68%
Burt Reynolds
66%
Clark Gable
66%
Sammy Davis Jr
66%
Tom Selleck
66%
Freddie Mercury
64%
Walt Disney
57%
Charles Bronson
51%

Score Distribution

Percentile by Number Answered

Percent of People with Each Score

Your Score History

You have not taken this quiz